Prečo študenti utekajú zo Slovenska
Slovensko patrí medzi tri krajiny OECD, z ktorých odchádza najviac študentov do zahraničia. Podľa štatistík organizácie stúpol počet Slovákov študujúcich v zahraničí na vyše 36000. Krajinu opúšťajú mladí ľudia z rodín s nadpriemernou úrovňou ľudského kapitálu. Najviac z nich študuje v Českej republi...
Guardado en:
| Autor principal: | |
|---|---|
| Formato: | Capítulo de libro |
| Lenguaje: | eslovaco |
| Materias: | |
| Etiquetas: |
Sin Etiquetas, Sea el primero en etiquetar este registro!
|
MARC
| LEADER | 00000naa a2200000 4500 | ||
|---|---|---|---|
| 001 | 0235768 | ||
| 005 | 20221104112729.0 | ||
| 041 | 0 | |a slo | |
| 044 | |a SK | ||
| 245 | 1 | 0 | |a Prečo študenti utekajú zo Slovenska |c Zuzana Petková |
| 520 | |a Slovensko patrí medzi tri krajiny OECD, z ktorých odchádza najviac študentov do zahraničia. Podľa štatistík organizácie stúpol počet Slovákov študujúcich v zahraničí na vyše 36000. Krajinu opúšťajú mladí ľudia z rodín s nadpriemernou úrovňou ľudského kapitálu. Najviac z nich študuje v Českej republike. Hlavným lákadlom pre Slovákov je Masarykova unierzita v Brne. Pre mesto sú prínosom, patria medzi elitu. | ||
| 610 | 2 | 0 | |a vzdelávanie vysokoškolské |
| 610 | 2 | 0 | |a kvalita vzdelávania |
| 610 | 2 | 0 | |a štúdium v zahraničí |
| 610 | 2 | 0 | |a univerzity |
| 610 | 2 | 0 | |a školy vysoké |
| 610 | 2 | 0 | |a Slovensko |
| 610 | 2 | 0 | |a Česko |
| 100 | 1 | |a Petková, Zuzana | |